00289nam a2200121Ia 4500008004100000041000800041082001600049100001500065245002900080260003200109300001900141365000700160240624s9999 xx 000 0 und d aeng a891.43 Omv  aOMVEDT GEL aBHARAT MEIN BAUDDH DHARM c2020aNew DelhibSage India a302 P. ; 20 cm cRS